マクドナルドのドリンク - Statistics

General Stats
  • This quiz has been taken 279 times
  • The average score is 5 of 24
Answer Stats
ドリンク Sサイズでの価格 % Correct
コカ・コーラ 120
89%
ファンタ グレープ 120
60%
スプライト 120
59%
コカ・コーラ ゼロ 120
52%
ミルク 240
46%
爽健美茶 120
42%
ファンタ メロン 120
40%
ミニッツメイド オレンジ 170
30%
カフェラテ 210
14%
野菜生活100 170
13%
プレミアムローストコーヒー 120
12%
プレミアムローストアイスコーヒー 120
9%
キャラメルラテ 270
7%
Qoo すっきり白ブドウ 120
7%
ホットティー(ストレート) 120
6%
ホットティー(レモン) 120
6%
ホットティー(ミルク) 120
6%
サントリー黒烏龍茶#濃いめ 290
6%
アイスカフェラテ 210
6%
アールグレイ アイスティー(ストレート) 120
4%
アールグレイ アイスティー(レモン) 120
4%
アールグレイ アイスティー(ミルク) 120
4%
アイスキャラメルラテ 270
4%
ミニッツメイド アップル100 150
4%
No matching quizzes found
Score Distribution
Percent of People with Each Score
Percentile by Number Answered
Your Score History
You have not taken this quiz